Автоматическая система контроля и управления теплопотреблением жилого многоквартирного дома; Интеллектуальные энергосистемы; Т. 1

Bibliografiske detaljer
Parent link:Интеллектуальные энергосистемы: труды III Международного молодёжного форума, 28 сентября - 2 октября 2015 г., г. Томск/ Национальный исследовательский Томский политехнический университет (ТПУ).— , 2015
Т. 1.— 2015.— [С. 200-204]
Hovedforfatter: Абрамова А. В.
Institution som forfatter: Национальный исследовательский Томский политехнический университет (ТПУ) Энергетический институт (ЭНИН) Кафедра автоматизации теплоэнергетических процессов (АТП)
Andre forfattere: Атрошенко Ю. К. Юлиана Константиновна (научный руководитель)
Summary:Заглавие с титульного экрана
Sprog:russisk
Udgivet: 2015
Serier:Автоматизированные системы управления технологическими процессами
Fag:
Online adgang:http://earchive.tpu.ru/handle/11683/16246
http://www.lib.tpu.ru/fulltext/c/2015/C43/V1/052.pdf
Format: MixedMaterials Electronisk Book Chapter
KOHA link:https://koha.lib.tpu.ru/cgi-bin/koha/opac-detail.pl?biblionumber=615858

MARC

LEADER 00000naa2a2200000 4500
001 615858
005 20231101132859.0
035 |a (RuTPU)RU\TPU\conf\14091 
035 |a RU\TPU\conf\14059 
090 |a 615858 
100 |a 20151125d2015 k y0rusy50 ca 
101 0 |a rus 
102 |a RU 
105 |a y z 101zy 
135 |a drgn ---uucaa 
181 0 |a i  
182 0 |a b 
200 1 |a Автоматическая система контроля и управления теплопотреблением жилого многоквартирного дома  |f А. В. Абрамова  |g науч. рук. Ю. К. Атрошенко 
203 |a Текст  |c электронный 
225 1 |a Автоматизированные системы управления технологическими процессами 
230 |a 1 компьютерный файл (pdf; 247 Kb) 
300 |a Заглавие с титульного экрана 
320 |a [Библиогр.: с. 203-204 (4 назв.)] 
337 |a Adobe Reader 
461 1 |0 (RuTPU)RU\TPU\conf\13656  |t Интеллектуальные энергосистемы  |o труды III Международного молодёжного форума, 28 сентября - 2 октября 2015 г., г. Томск  |o в 3 т.  |f Национальный исследовательский Томский политехнический университет (ТПУ)  |d 2015 
463 1 |0 (RuTPU)RU\TPU\conf\13658  |t Т. 1  |v [С. 200-204]  |d 2015 
610 1 |a труды учёных ТПУ 
610 1 |a электронный ресурс 
610 1 |a автоматические системы управления 
610 1 |a системы контроля 
610 1 |a теплопотребление 
610 1 |a жилые дома 
610 1 |a многоквартирные дома 
700 1 |a Абрамова  |b А. В. 
702 1 |a Атрошенко  |b Ю. К.  |c специалист в области теплоэнергетики  |c ассистент кафедры Томского политехнического университета  |f 1989-  |g Юлиана Константиновна  |2 stltpush  |4 727 
712 0 2 |a Национальный исследовательский Томский политехнический университет (ТПУ)  |b Энергетический институт (ЭНИН)  |b Кафедра автоматизации теплоэнергетических процессов (АТП)  |h 121  |2 stltpush  |3 (RuTPU)RU\TPU\col\18678 
801 2 |a RU  |b 63413507  |c 20210210  |g RCR 
856 4 |u http://earchive.tpu.ru/handle/11683/16246 
856 4 |u http://www.lib.tpu.ru/fulltext/c/2015/C43/V1/052.pdf 
942 |c BK